000 00439ntaaa2200181 4500
003 01
005 20251027202059.0
008 0714s1973 ag 01
040 _aAR-BaBN
_bspa
_cAR-BaBN
_eaacr
_dRIC
082 _a252.0000 Qu2
100 _aQuayle, William A
_919370
245 _aOutt-of-doors with Jesus
250 _a1 ed.
260 _aNew York :
_bAbingdon Press,
_cc1924
300 _a223 p
650 _asermones
_9362
942 _cBK
999 _c15674
_d15674